[Event "Aandalucia-ch"]
[Site "Granada"]
[Date "1991.??.??"]
[Round "3"]
[White "Medina Garcia, Diego"]
[Black "Del Prado, Cesar"]
[Result "0-1"]
[WhiteElo "2250"]
[BlackElo "2215"]

1.c4 b6 2.Nc3 Bb7 3.e4 e6 4.g3 Nf6 5.Bg2 c5 6.Nge2 d6 7.O-O a6 8.d3 Qc7 9.h3 Be7
10.Be3 O-O 11.Rc1 Nbd7 12.g4 h6 13.Ng3 Rad8 14.h4 Nh7 15.g5 hxg5 16.hxg5 Bxg5
17.f4 Bh6 18.Rc2 Ndf6 19.Bc1 g6 20.f5 Bxc1 21.Qxc1 d5 22.Qe1 dxc4 23.fxg6 fxg6
24.dxc4 e5 25.Nd5 Bxd5 26.exd5 Kg7 27.Re2 Rde8 28.Qd2 Qd6 29.Be4 Nxe4 30.Nxe4 Qd7
31.Rxf8 Rxf8 32.Qe3 Qg4+ 33.Ng3 Ng5 34.Qxe5+ Kg8 35.Qe3 Qh4 36.Rh2 Nf3+ 37.Qxf3 Qxh2+
38.Kxh2 Rxf3 39.Ne4 Rf4 40.Nd6 Rf2+ 41.Kg3 Rxb2 42.Kf4 Rxa2 43.Nc8 Kf7 44.Nxb6 Ke7  0-1

[Event "JUG-ch"]
[Site "Kladovo"]
[Date "1991.??.??"]
[Round "4"]
[White "Dizdarevic, Emir"]
[Black "Petronic, Jovan"]
[Result "1-0"]
[WhiteElo "2505"]
[BlackElo "2355"]

1.c4 b6 2.Nc3 e6 3.e4 c5 4.Nf3 Bb7 5.d4 cxd4 6.Nxd4 a6 7.Bd3 Bc5 8.Be3 Ne7
9.O-O O-O 10.Qh5 d6 11.Rad1 Nd7 12.Qh3 Ng6 13.Kh1 Qf6 14.Nc2 Bxe3 15.Qxe3 Nf4
16.Be2 Qe5 17.Rd4 Nf6 18.Rfd1 Nxe2 19.Qxe2 Rad8 20.f4 Qh5 21.Qxh5 Nxh5 22.e5 Nxf4
23.Rxf4 dxe5 24.Rff1 Rc8 25.Rfe1 f6 26.Rd6 b5 27.cxb5 axb5 28.Rxe6 Rfd8 29.Rb6 Ba8
30.Ne3 Rd2 31.Rxb5 f5 32.Kg1 f4 33.Ned5 Bxd5 34.Rxd5 Rxb2 35.Re2 Rxe2 36.Nxe2 Rc2
37.Rxe5 Rxa2 38.Nxf4 Kf7 39.Re2 Ra4 40.g3 Kf6 41.Kf2 g5 42.Nd5+ Kf7  1-0

[Event "London WFW"]
[Site "London"]
[Date "1991.??.??"]
[Round "?"]
[White "Davies, Nigel R"]
[Black "Plaskett, Jim"]
[Result "1/2-1/2"]
[WhiteElo "2500"]
[BlackElo "2480"]

1.c4 b6 2.Nc3 e6 3.Nf3 Bb7 4.g3 Bxf3 5.exf3 c5 6.d4 Nc6 7.d5 Nd4 8.Be3 Nf5
9.Bh3 Ngh6 10.Qa4 g6 11.O-O Nxe3 12.fxe3 exd5 13.Rad1 Bg7 14.Rxd5 f5 15.Rfd1 O-O
16.Qxd7 Qxd7 17.Rxd7 Bxc3 18.bxc3 Rae8 19.Kf2 Ng4+ 20.Bxg4 fxg4 21.f4 Re4
22.Rxa7 Rfe8 23.h3 Rxe3 24.hxg4 Re2+ 25.Kf1 h5 26.gxh5 gxh5 27.Ra8 Rxa8 28.Kxe2 Rxa2+
29.Ke3 Rg2 30.Kf3 Rc2 31.Rd3 Kf7 32.Ke4 Kf6 33.Rd6+ Kg7 34.Rd3 Kf6 35.Re3 Rg2
36.Kd5 Kf5 37.Re5+ Kg6 38.Rg5+ Kh6 39.Kc6 Rb2 40.Rd5 Rb3 41.Rd3 Kg6 42.Re3 Kf5
43.Kd5 Kg4 44.Ke6 h4 45.gxh4  1/2-1/2

[Event "London WFW"]
[Site "London"]
[Date "1991.??.??"]
[Round "?"]
[White "Suba, Mihai"]
[Black "Plaskett, Jim"]
[Result "1/2-1/2"]
[WhiteElo "2540"]
[BlackElo "2480"]

1.c4 b6 2.d4 Bb7 3.Nc3 e6 4.a3 f5 5.f3 Nf6 6.Nh3 g6 7.Nf2 Bg7 8.e4 fxe4 9.fxe4 O-O
10.Bg5 h6 11.Be3 Nc6 12.e5 Nh5 13.Qg4 Ne7 14.Bd3 Qe8 15.O-O Nf5 16.Bd2 d6
17.exd6 cxd6 18.Rae1 Qf7 19.d5 exd5 20.Nxd5 Bxd5 21.cxd5 Bxb2 22.Re6 Nf6
23.Qc4 Rac8 24.Qb3 Be5 25.Bxf5 gxf5 26.Bxh6 Rc3 27.Qb1 Nxd5 28.Rxe5 dxe5
29.Bxf8 Qxf8 30.Ne4 Rxa3 31.Qb2 Ne3 32.Rf3 Nc4 33.Qc1 Rxf3 34.Qxc4+ Kh8 35.gxf3 fxe4
36.Qxe4 a5 37.Kf1 Qd6 38.h4 Kg7 39.Qg4+ Kf7 40.Qf5+ Qf6 41.Qd7+ Kg6 42.Qg4+ Kh6
43.Ke2 b5 44.Qd7 b4 45.Qb5 Qf4 46.Qe8 Qc4+ 47.Ke3 Qd4+ 48.Ke2  1/2-1/2

[Event "London WFW"]
[Site "London"]
[Date "1991.??.??"]
[Round "?"]
[White "King, Daniel J"]
[Black "Plaskett, Jim"]
[Result "1/2-1/2"]
[WhiteElo "2545"]
[BlackElo "2480"]

1.c4 b6 2.Nf3 Bb7 3.g3 Bxf3 4.exf3 c5 5.d4 Nc6 6.d5 Nd4 7.Be3 Nf5 8.Bd2 g6
9.Bc3 Bg7 10.Bxg7 Nxg7 11.f4 Nh6 12.Nd2 O-O 13.Bh3 e6 14.Nf3 Qf6 15.Rb1 d6
16.dxe6 Qe7 17.O-O fxe6 18.Re1 Nhf5 19.Qe2 Rae8 20.Qd2 Qf6  1/2-1/2

[Event "FRA-ch (Women)"]
[Site "Montpellier"]
[Date "1991.??.??"]
[Round "4"]
[White "Astolfi Perez, Eneida"]
[Black "Tagnon, Nicole"]
[Result "1/2-1/2"]
[WhiteElo "2075"]
[BlackElo "2090"]

1.c4 b6 2.Nf3 c5 3.Nc3 Bb7 4.g3 Bxf3 5.exf3 Nc6 6.Bg2 g6 7.d3 Bg7 8.Be3 Rc8
9.O-O e6 10.f4 Nge7 11.Rb1 O-O 12.Ne2 d5 13.a3 Nd4 14.Bxd4 cxd4 15.b3 Qd6
16.Qd2 Rfd8 17.Qa2 dxc4 18.bxc4 Rc5 19.a4 Nc6  1/2-1/2

[Event "Moscow6"]
[Site "Moscow"]
[Date "1991.??.??"]
[Round "?"]
[White "Donchenko, Anatoly G"]
[Black "Notkin, Maksim"]
[Result "1/2-1/2"]
[WhiteElo "2370"]
[BlackElo "2315"]

1.c4 b6 2.Nf3 Bb7 3.g3 Nf6 4.Bg2 c5 5.Nc3 e6 6.b3 Be7 7.d4 cxd4 8.Qxd4 Nc6
9.Qf4 Bb4 10.Bd2 Qb8 11.Qg5 O-O 12.O-O Be7 13.Qf4 d6 14.Rfd1 Rd8 15.Rac1 h6
16.g4 Ne5 17.h3 a6 18.a4 Qc7 19.Nxe5 dxe5 20.Qg3 Bxg2 21.Qxg2 Rac8 22.Be1 Rd4
23.e3 Rd7 24.Qf3 Rcd8 25.Rxd7 Nxd7 26.Ne4 Rc8 27.Rd1 Qc6 28.Kg2 Nf8 29.Nc3 Qc7
30.Qe4 Nd7 31.f3 Nf6 32.Qd3 Qc6 33.Ne4 Rd8 34.Qc2 Rxd1 35.Nxf6+ Bxf6 36.Qxd1 e4  1/2-1/2

[Event "Palma de Mallorca op"]
[Site "Palma de Mallorca"]
[Date "1991.??.??"]
[Round "?"]
[White "Lopez, A."]
[Black "Eslon, Jaan"]
[Result "0-1"]
[WhiteElo "2255"]
[BlackElo "2390"]

1.c4 b6 2.Nc3 Bb7 3.e4 e6 4.Nf3 Bb4 5.Bd3 Ne7 6.O-O O-O 7.a3 Bxc3 8.dxc3 f5
9.Re1 fxe4 10.Bxe4 Bxe4 11.Rxe4 Nf5 12.Qe2 Nc6 13.Bg5 Qe8 14.Rd1 Nd6 15.Rh4 Qg6
16.Bc1 Rae8 17.Ng5 h6 18.Nh3 e5 19.b4 Nf5 20.Re4 d6 21.Rd3 a5 22.Rg4 Qh5
23.Qe4 axb4 24.Ng5 Nce7 25.Ne6 bxa3 26.Nxf8 a2 27.Bb2 Rxf8 28.Rh3 Qf7 29.Rf3 Qe8
30.Qc2 Qa8 31.Ba1 Qc6 32.Re4 Ra8 33.g4 Nh4 34.Rfe3  0-1

[Event "Prague Viktoria"]
[Site "Prague"]
[Date "1991.??.??"]
[Round "9"]
[White "Reich, Thomas"]
[Black "Hausner, Ivan"]
[Result "1/2-1/2"]
[WhiteElo "2410"]
[BlackElo "2445"]

1.c4 b6 2.d4 e6 3.a3 Nf6 4.Nc3 d5 5.Nf3 Be7 6.Bg5 O-O 7.e3 Bb7 8.Rc1 c5 9.Bd3 cxd4
10.exd4 dxc4 11.Bxc4 Ne4 12.Nxe4 Bxe4 13.Bxe7 Qxe7 14.O-O Nc6 15.Nd2 Bf5
16.d5 Ne5 17.Re1 Nxc4 18.Nxc4 Rad8 19.Qf3 Qf6 20.g4 exd5 21.Qxf5 Qxf5 22.gxf5 dxc4
23.Rxc4 Rd7 24.Kg2 Rfd8 25.Re3  1/2-1/2

[Event "Schoeneck"]
[Site "Schoeneck"]
[Date "1991.??.??"]
[Round "8"]
[White "Schaefer, Michael"]
[Black "Schmitzer, Klaus"]
[Result "0-1"]
[WhiteElo "2270"]
[BlackElo "2300"]

1.c4 b6 2.d4 e6 3.Nf3 Bb7 4.a3 g6 5.Nc3 Bg7 6.e4 Ne7 7.d5 O-O 8.Bd3 Na6 9.Be3 Nc5
10.Bc2 f5 11.Bd4 Bxd4 12.Nxd4 fxe4 13.dxe6 dxe6 14.O-O Nf5 15.Nde2 Qf6 16.Qb1 Nd4
17.Ng3 Ndb3 18.Ncxe4 Bxe4 19.Nxe4 Nxe4 20.Bxe4 Rad8 21.Bf3 Nxa1 22.Qxa1 Rd2
23.b4 Qxa1 24.Rxa1 Rfd8 25.Bg4 Kg7 26.h3 h5 27.Bxe6 Rd1+ 28.Rxd1 Rxd1+ 29.Kh2 Ra1  0-1

[Event "Tel Aviv-B"]
[Site "Tel Aviv"]
[Date "1991.??.??"]
[Round "2"]
[White "Har Zvi, Ronen"]
[Black "Zak, Uriel"]
[Result "1/2-1/2"]
[WhiteElo "2240"]
[BlackElo "2295"]

1.c4 b6 2.d4 e6 3.a3 Bb7 4.Nc3 Nf6 5.d5 Bd6 6.Nf3 O-O 7.Bg5 Be7 8.Qd2 Re8
9.g3 h6 10.Bf4 exd5 11.cxd5 b5 12.Nxb5 Nxd5 13.Bg2 Bf6 14.O-O a6 15.Nbd4 Nc6
16.Rad1 Nxf4 17.Qxf4 Nxd4 18.Nxd4 Bxg2 19.Kxg2 Bxd4 20.Qxd4 Rxe2  1/2-1/2

[Event "Bad Woerishofen op"]
[Site "Bad Woerishofen"]
[Date "1992.??.??"]
[Round "7"]
[White "Ragozin, Evgeni"]
[Black "Kengis, Edvins"]
[Result "1-0"]
[WhiteElo "2415"]
[BlackElo "2575"]

1.c4 b6 2.Nc3 e6 3.a3 c5 4.Nf3 Nf6 5.e3 Be7 6.d4 O-O 7.d5 d6 8.Be2 a6 9.a4 exd5
10.cxd5 Bg4 11.e4 Nbd7 12.Be3 Re8 13.O-O Bxf3 14.Bxf3 Bf8 15.Qc2 g6 16.g3 h5
17.Rae1 Ng4 18.Bc1 c4 19.Be2 Qc8 20.Kg2 Rb8 21.f4 Bg7 22.e5 dxe5 23.f5 e4
24.fxg6 fxg6 25.Bxg4 hxg4 26.Nxe4 Qb7 27.Rd1 Ne5 28.Nd6 Qd7 29.Nxe8 Rxe8
30.Qe4 Qxa4 31.Rfe1 Rf8 32.d6 Kh7 33.Rd5 Rf5 34.d7 Nxd7 35.Rxf5 gxf5 36.Qxf5+ Kg8
37.Qd5+ Kh7 38.Qe4+ Kg8 39.Rf1 Ne5 40.Qa8+ Kh7 41.Qe4+ Kg8 42.Bd2 Qc6 43.Re1 Qc5
44.Bc3 Nf3 45.Rd1 Bxc3 46.Qg6+ Kf8 47.Rd8+ Ke7 48.Re8+  1-0

[Event "Bogota Lat Cup"]
[Site "Bogota"]
[Date "1992.??.??"]
[Round "10"]
[White "Sunye Neto, Jaime"]
[Black "Diaz, Ricardo"]
[Result "1-0"]
[WhiteElo "2495"]
[BlackElo "2370"]

1.c4 b6 2.d4 e6 3.Nc3 Bb7 4.Nf3 Nf6 5.g3 Be7 6.Bg2 O-O 7.Qc2 d5 8.cxd5 exd5
9.O-O c5 10.Bg5 Nbd7 11.Rad1 Ne4 12.Bf4 Nxc3 13.bxc3 Nf6 14.dxc5 Bxc5 15.Nd4 Re8
16.Nb5 Nh5 17.Bc1 a6 18.Nd4 Rc8 19.Qd3 Rc7 20.Nb3 Bf8 21.Be3 Qc8 22.Bxb6 Rxc3
23.Qb1 Qe6 24.e3 Rcc8 25.Bd4 Red8 26.Qb2 Bc6 27.Bb6 Bb5 28.Bxd8 Bxf1 29.Bxf1 Rxd8
30.Nd4 Qd6 31.Rc1 Rb8 32.Qe2 Nf6 33.Rc6 Qd7 34.Rxa6 Ne4 35.Qc2 Rc8 36.Rc6 Rxc6
37.Nxc6  1-0

[Event "Labor Day op2"]
[Site "CAN"]
[Date "1992.??.??"]
[Round "3"]
[White "Spraggett, Grant"]
[Black "Hergott, Deen"]
[Result "1/2-1/2"]
[WhiteElo "2275"]
[BlackElo "2410"]

1.c4 b6 2.Nf3 Bb7 3.g3 c5 4.Bg2 g6 5.Nc3 Bg7 6.O-O Nc6 7.e4 Nf6 8.d3 O-O
9.h3 d6 10.Be3 Rc8 11.Qd2 Nd7 12.b3 Nde5 13.Ne1 Nd4 14.Bxd4 cxd4 15.Ne2 Nd7
16.f4 f5 17.exf5 Bxg2 18.Nxg2 gxf5 19.Rf2 Qe8 20.Raf1 b5 21.Nh4 bxc4 22.dxc4 Nc5
23.Rf3 Ne4 24.Qd3 Qc6 25.Kh2 Nc5 26.Qd2 Ne4 27.Qd3 Nc5 28.Qd2 Ne4  1/2-1/2

[Event "Cannes op"]
[Site "Cannes"]
[Date "1992.??.??"]
[Round "?"]
[White "Rotstein, Arkadij"]
[Black "Bricard, Emmanuel"]
[Result "0-1"]
[WhiteElo "2410"]
[BlackElo "2430"]

1.c4 b6 2.d4 e6 3.e4 Bb7 4.Nc3 Bb4 5.Qc2 Qh4 6.d5 f5 7.Bd2 fxe4 8.Nxe4 exd5
9.cxd5 Bxd5 10.Bxb4 Qxe4+ 11.Qxe4+ Bxe4 12.O-O-O Nf6 13.Re1 Kd8 14.Nf3 c5
15.Bc3 Bd5 16.Nh4 Rf8 17.Bd3 Nc6 18.Nf5 g6 19.Nd6 Ne4 20.Ba6 Nb8 21.Be2 Nxf2
22.Rhf1 Bxg2 23.Bg7 Bxf1 24.Rxf1 Nd3+ 25.Bxd3 Rxf1+ 26.Bxf1 Ke7 27.Nc8+ Kf7
28.Bh6 Nc6 29.Ba6 Nb4 30.Bb7 Rb8 31.a3 Ke6 32.axb4 Rxb7 33.Bf4 cxb4 34.Bd6 a5
35.Kc2 g5 36.Kd3 b5 37.Kd4 h5 38.Kc5 b3 39.Ne7 b4 40.Nd5 a4  0-1

[Event "Cannes Martinez op"]
[Site "Cannes"]
[Date "1992.??.??"]
[Round "?"]
[White "Schwartzman, Gabriel"]
[Black "Dieu, Bruno"]
[Result "1-0"]
[WhiteElo "2340"]
[BlackElo "2290"]

1.c4 b6 2.Nc3 e6 3.d4 Bb7 4.e4 Bb4 5.Qc2 Qh4 6.Bd3 f5 7.Nf3 Qg4 8.O-O Nf6
9.Ng5 Bxc3 10.h3 Qh5 11.bxc3 fxe4 12.Nxe4 O-O 13.Ng3 Qh4 14.Be3 Nc6 15.Qd2 h6
16.Ne2 Ne4 17.Qc2 d5 18.cxd5 exd5 19.f3 Nd6 20.Bf2 Qg5 21.Ng3 Rae8 22.Rae1 Na5
23.Bg6 Rxe1 24.Rxe1 Nac4 25.h4 Qd8 26.Nh5 Bc8 27.Qc1 Bf5 28.Nf4 Bxg6 29.Nxg6 Re8
30.Bg3 Nf5 31.Bxc7 Qd7 32.Bf4 Kh7 33.h5 Kg8 34.Kf2 b5 35.Qd1 a5 36.Re2 b4
37.g4 Nfd6 38.cxb4 axb4 39.Qe1 Rxe2+ 40.Qxe2 Nb5 41.Qe7 Qxe7 42.Nxe7+ Kf7
43.Nxd5 Nxd4 44.Nxb4 Ke6 45.Be3 Nb5 46.a4  1-0

[Event "JUG-chT"]
[Site "Cetinje"]
[Date "1992.??.??"]
[Round "?"]
[White "Pavlovic, Milos"]
[Black "Muhutdinov, Marat"]
[Result "0-1"]
[WhiteElo "2450"]
[BlackElo "2425"]

1.c4 b6 2.Nf3 Bb7 3.d4 e6 4.a3 f5 5.Nc3 Nf6 6.Bf4 d6 7.e3 Be7 8.h3 Nbd7 9.Bh2 Ne4
10.Nxe4 fxe4 11.Nd2 c5 12.d5 exd5 13.cxd5 Bxd5 14.Qa4 O-O 15.Bc4 Bf7 16.Bxf7+ Rxf7
17.Nxe4 d5 18.Nc3 d4 19.exd4 cxd4 20.Qxd4 Bc5 21.Qd5 Bxf2+ 22.Kd2 Rc8 23.Kc2 Rc5
24.Qe4 Nf6 25.Qe6 Qa8 26.Rhd1 Rc8 27.Rd2 Re8 28.Qc4 Qxg2 29.Bg1 Qg6+ 30.Qd3 Qxd3+
31.Rxd3 Bxg1 32.Rxg1 g6 33.Rf1 Kg7 34.Nb5 Re5 35.a4 Rfe7 36.Nc3 Ne4 37.Re1 Nxc3
38.Rxe5 Rxe5 39.Rd7+ Kf6 40.Kxc3 Re7 41.Rd3 g5 42.Kc4 h5 43.b4 g4 44.hxg4 hxg4
45.Kb5 Rg7 46.Ka6 g3 47.b5 Ke5 48.Rd1 Ke4 49.Rb1 g2  0-1

[Event "Dortmund op-A"]
[Site "Dortmund"]
[Date "1992.??.??"]
[Round "4"]
[White "Stoll, Alexander"]
[Black "Buecker, Stefan"]
[Result "0-1"]
[WhiteElo "2255"]
[BlackElo "2365"]

1.c4 b6 2.Nc3 e6 3.a3 Bb7 4.Nf3 f5 5.g3 Nf6 6.Bg2 Be7 7.O-O O-O 8.d3 Nc6
9.Qc2 Qe8 10.e4 fxe4 11.Nxe4 Nxe4 12.dxe4 Qh5 13.Qd1 h6 14.Be3 e5 15.Ne1 Qxd1
16.Rxd1 Na5 17.Nc2 Bc6 18.Rfe1 Nxc4 19.Bc1 Bc5 20.Ne3 Bxe3  0-1

[Event "Peer Gynt"]
[Site "Gausdal"]
[Date "1992.??.??"]
[Round "1"]
[White "Brestian, Egon"]
[Black "Engedal, Kim Nikolai"]
[Result "1/2-1/2"]
[WhiteElo "2450"]
[BlackElo "2260"]

1.c4 b6 2.e4 e6 3.Nc3 Bb7 4.Nf3 Nf6 5.e5 Ne4 6.Nxe4 Bxe4 7.Be2 Be7 8.O-O O-O
9.d4 d6 10.exd6 Qxd6 11.Be3 Nd7 12.Nd2 Bb7 13.Qc2 c5 14.Ne4 Qc7 15.Rad1 Rad8
16.d5 exd5 17.cxd5 Bd6 18.h3 Rfe8 19.Bg5 f6 20.Bc1 Nf8 21.Bb5 Re7 22.Nxd6 Qxd6  1/2-1/2

[Event "BL2-W9192"]
[Site "Germany"]
[Date "1992.??.??"]
[Round "?"]
[White "Sehner, Norbert"]
[Black "Schmitzer, Klaus"]
[Result "1-0"]
[WhiteElo "2420"]
[BlackElo "2300"]

1.c4 b6 2.Nc3 e6 3.g3 Bb7 4.e4 Bb4 5.Nge2 f5 6.Bg2 Nf6 7.d3 fxe4 8.O-O O-O
9.a3 Be7 10.dxe4 Nc6 11.h3 e5 12.Nd5 Ne8 13.b4 Bg5 14.Bb2 Nd6 15.Qd3 a6 16.Nxb6 Nxe4
17.Bxe4 cxb6 18.b5 axb5 19.cxb5 Kh8 20.bxc6 Ba6 21.Qc2 d5 22.Rad1 Qc8 23.Rxd5 Qxh3
24.Bxe5 Rf7 25.Bd4 Qg4 26.f3  1-0

[Event "Katowice op"]
[Site "Katowice"]
[Date "1992.??.??"]
[Round "7"]
[White "Appolonov, Sergei"]
[Black "Lempert, Igor"]
[Result "1/2-1/2"]
[WhiteElo "2305"]
[BlackElo "2435"]

1.c4 b6 2.Nf3 Bb7 3.Nc3 e6 4.g3 Bxf3 5.exf3 c5 6.d4 cxd4 7.Qxd4 Nc6 8.Qd1 Nf6
9.Be2 Bb4 10.O-O Bxc3 11.bxc3 d6 12.Ba3 Ke7 13.Qd2 Qc7 14.Rad1 Rad8 15.Rfe1 Na5
16.f4 Nb7 17.f5 e5 18.f4 Nc5 19.g4 Rhe8 20.Bf3 Kf8 21.g5 e4 22.Bg2 Nh5 23.f6 g6
24.Bf1 Kg8 25.Qe3 Qc8 26.Bc1 Nd3 27.Bxd3 exd3 28.Qxd3 Qg4+ 29.Kh1 Nxf4 30.Qg3 Rxe1+
31.Rxe1 Qxg3 32.hxg3 Nd3 33.Rf1 Ne5 34.Bf4 Nxc4 35.Re1 a5 36.Re7 Rc8  1/2-1/2

[Event "JUG-ch"]
[Site "Kladovo"]
[Date "1992.??.??"]
[Round "7"]
[White "Kostic, Nebojsa"]
[Black "Tosic, Miroslav"]
[Result "0-1"]
[WhiteElo "2385"]
[BlackElo "2435"]

1.c4 b6 2.Nc3 Bb7 3.e4 e6 4.g3 c5 5.Bg2 Nc6 6.Nge2 h5 7.h3 Nd4 8.d3 Ne7 9.Bg5 f6
10.Be3 e5 11.f4 Nef5 12.Bd2 exf4 13.gxf4 Nh4 14.O-O Nxg2 15.Kxg2 Nc6 16.Nd5 Qb8
17.Ng3 Nd4 18.Nxh5 Qd6 19.f5 Nc6 20.Bf4 Ne5 21.Bg3 O-O-O 22.b4 Qc6 23.b5 Qd6
24.a4 Qb8 25.Nhf4 Bd6 26.a5 bxa5 27.Rxa5 Rdg8 28.Qa4 g5 29.Ne2 Nxd3 30.b6 Nf4+
31.Rxf4 Bxd5 32.bxa7 Qa8 33.Rg4 Bxe4+ 34.Kf2 Bc6 35.Qa1 Bxg3+ 36.Kxg3 Re8
37.Qxf6 Kc7 38.Ng1 Qb7 39.a8=Q Qb3+ 40.Kf2 Qe3+  0-1

[Event "Moscow VDFSO"]
[Site "Moscow"]
[Date "1992.??.??"]
[Round "?"]
[White "Gorbatow, Alexej"]
[Black "Litus, Vladimir"]
[Result "1-0"]
[WhiteElo "2380"]
[BlackElo "2395"]

1.c4 b6 2.d4 e6 3.e4 Bb7 4.Nc3 Bb4 5.Qc2 Qh4 6.Bd3 f5 7.Nf3 Qg4 8.O-O Bxc3
9.h3 Qh5 10.bxc3 Nf6 11.Nd2 fxe4 12.Nxe4 Nc6 13.Bf4 O-O-O 14.c5 Nd5 15.Bg3 Rdf8
16.Rfe1 Nf4 17.Bf1 Qf5 18.Rab1 g5 19.cxb6 d5 20.bxa7 Ba8 21.Rb8+ Nxb8 22.axb8=Q+ Kxb8
23.Qb2+ Kc8 24.Nc5  1-0

[Event "Moscow VDFSO"]
[Site "Moscow"]
[Date "1992.??.??"]
[Round "?"]
[White "Sokolovs, Andrei"]
[Black "Litus, Vladimir"]
[Result "1-0"]
[WhiteElo "2435"]
[BlackElo "2395"]

1.c4 b6 2.Nc3 Bb7 3.e4 e6 4.d4 Bb4 5.f3 f5 6.exf5 Nh6 7.Bxh6 Qh4+ 8.g3 Qxh6
9.Qd2 Bxc3 10.bxc3 Qxd2+ 11.Kxd2 exf5 12.Re1+ Kf7 13.Bd3 g6 14.Nh3 Nc6 15.g4 fxg4
16.fxg4 Rae8 17.Rhf1+ Kg7 18.Nf4 Na5 19.Nd5 Bxd5 20.cxd5 c6 21.dxc6 dxc6
22.g5 Nb7 23.Be4 Nd8 24.h4 Re6 25.d5 Rd6 26.Bg2 Rd7 27.Bh3 Rxd5+ 28.Kc2 Rf8
29.Re7+ Kg8 30.Rxf8+ Kxf8 31.Rxa7 h6 32.Bg2 Rf5 33.gxh6 Rh5 34.h7 Rxh4 35.Be4 g5
36.Bg6 g4 37.Rd7 Ne6 38.Rf7+ Ke8 39.h8=Q+  1-0

[Event "Sas van Gent"]
[Site "Sas van Gent"]
[Date "1992.??.??"]
[Round "?"]
[White "Deleyn, Gunter"]
[Black "Van Gisbergen, Stan"]
[Result "0-1"]
[WhiteElo "2320"]
[BlackElo "2350"]

1.c4 b6 2.b3 Bb7 3.Bb2 e6 4.Nf3 f5 5.e3 Nf6 6.Be2 Be7 7.O-O O-O 8.Nc3 Qe8
9.Nd4 Qg6 10.Bf3 c6 11.Qc2 Ng4 12.e4 Ne5 13.exf5 Nxf3+ 14.Nxf3 Qxf5 15.Qxf5 Rxf5
16.Nd4 Rf8 17.Rfe1 Na6 18.d3 Nb4 19.Red1 Bf6 20.Nde2 c5 21.Rab1 Bh4 22.Ng3 Bf6
23.a3 Nc2 24.Nb5 Bc6 25.Ne4 Bxb5 26.Nxf6+ gxf6 27.cxb5 e5 28.Rbc1 Nd4 29.Bxd4 exd4
30.Re1 Rfe8 31.a4 Rxe1+ 32.Rxe1 Kf7 33.Kf1 a6 34.bxa6 Rxa6 35.Re4 b5 36.axb5 Ra1+
37.Ke2 Ra2+ 38.Ke1 Rb2 39.Rh4 Kg6 40.Rg4+ Kf7 41.Rh4 Rxb3 42.Rxh7+ Ke6 43.Kd2 Rb2+
44.Kc1 Rxb5 45.Kc2 Ra5 46.Kb2 d5 47.Rc7 Kd6 48.Rf7 c4 49.Rxf6+ Kc5 50.dxc4 Kxc4
51.Rf3 d3 52.Rf4+ d4 53.Rf8 d2 54.Kc2 Ra2+  0-1

[Event "Sas van Gent"]
[Site "Sas van Gent"]
[Date "1992.??.??"]
[Round "?"]
[White "Deleyn, Gunter"]
[Black "Martens, Martin"]
[Result "1/2-1/2"]
[WhiteElo "2320"]
[BlackElo "2390"]

1.c4 b6 2.b3 Bb7 3.Bb2 e6 4.Nf3 f5 5.e3 Nf6 6.Be2 Be7 7.O-O O-O 8.Nc3 a5
9.Qc2 Na6 10.Rad1 Qe8 11.Ne5 d6 12.Bf3 c6 13.Nd3 e5 14.Be2 Nb4 15.Qb1 Qg6
16.a3 Na6 17.b4 axb4 18.axb4 c5 19.f3 cxb4 20.Nb5 Nd7 21.Ba1 e4 22.Nf4 Qh6
23.Nd5 Bxd5  1/2-1/2

[Event "Tampere"]
[Site "Tampere"]
[Date "1992.??.??"]
[Round "7"]
[White "Rantanen, Yrjo A"]
[Black "Pyhala, Antti"]
[Result "0-1"]
[WhiteElo "2410"]
[BlackElo "2365"]

1.c4 b6 2.d4 e6 3.Nc3 Bb4 4.Bd2 f5 5.d5 Nf6 6.dxe6 O-O 7.exd7 Nbxd7 8.Nf3 Bb7
9.e3 f4 10.exf4 Re8+ 11.Be2 Bxf3 12.gxf3 Qe7 13.Kf1 Rad8 14.Qc2 Nh5 15.Be3 Bxc3
16.bxc3 Qh4 17.Qf5 Ndf6 18.Qg5 Qh3+ 19.Qg2 Qe6 20.Rg1 Rd2 21.f5 Qd7 22.Qg5 Rb2
23.Rg4 Nxg4 24.Qxg4 Nf6 25.Qf4 c5 26.a4 a5 27.h4 h6 28.Qg3 Qxf5 29.Re1 Nh5
30.Qg4 Qxg4 31.fxg4 Ng3+  0-1

[Event "Wisla BES op"]
[Site "Wisla"]
[Date "1992.??.??"]
[Round "7"]
[White "Rotstein, Arkadij"]
[Black "Kiedrowicz, Jan"]
[Result "1-0"]
[WhiteElo "2410"]
[BlackElo "2300"]

1.c4 b6 2.d4 Bb7 3.Nc3 e6 4.a3 f5 5.Nf3 Nf6 6.d5 Be7 7.g3 a5 8.Bg2 Na6 9.O-O Qc8
10.e4 fxe4 11.Ng5 exd5 12.cxd5 Nc5 13.Ncxe4 O-O 14.Nxf6+ Bxf6 15.Qc2 g6 16.h4 Qe8
17.Be3 d6 18.Bxc5 bxc5 19.Rfe1 Qb5 20.Ne6 Rf7 21.Rad1 Bc8 22.b3 a4 23.b4 cxb4
24.Nxc7 b3 25.Nxb5 bxc2 26.Rc1 Ra6 27.Rxc2 Bd7 28.Rc6 Ra5 29.Nxd6 Bxc6 30.dxc6 Rfa7
31.Nb7 Re5 32.Rc1 Re8 33.c7 Rc8 34.Bh3 Bb2 35.Bxc8  1-0

[Event "Zalakaros op rap"]
[Site "Zalakaros"]
[Date "1992.??.??"]
[Round "7"]
[White "Csom, Istvan"]
[Black "Karsa, Laszlo"]
[Result "1-0"]
[WhiteElo "2540"]
[BlackElo "2405"]

1.c4 b6 2.e4 Bb7 3.Nc3 c5 4.Nf3 e6 5.d4 cxd4 6.Nxd4 a6 7.Qe2 d6 8.g3 Nf6
9.Bg2 Nbd7 10.O-O Qc7 11.Bd2 Rc8 12.b3 Be7 13.Rac1 O-O 14.h3 Rfe8 15.g4 g6
16.f4 e5 17.fxe5 dxe5 18.Nc2 b5 19.Nd5 Nxd5 20.cxd5 Qb6+ 21.Kh1 b4 22.Ne3 Rxc1
23.Rxc1 Rc8 24.Nc4 Qb5 25.Qf3 f6 26.Bf1 Ba8 27.Nd6 Rxc1 28.Nxb5  1-0

[Event "Alushta op"]
[Site "Alushta"]
[Date "1993.??.??"]
[Round "?"]
[White "Donchenko, Anatoly G"]
[Black "Muhutdinov, Marat"]
[Result "0-1"]
[WhiteElo "2405"]
[BlackElo "2475"]

1.c4 b6 2.Nf3 Bb7 3.g3 Bxf3 4.exf3 c5 5.d4 cxd4 6.Qxd4 Nc6 7.Qd2 g6 8.b3 Bg7
9.Bb2 Bxb2 10.Qxb2 Nf6 11.f4 O-O 12.Bg2 Qb8 13.O-O b5 14.c5 b4 15.Nd2 Qb5
16.Rfc1 Rac8 17.Bf1 Qb7 18.Bg2 Rc7 19.Re1 Qb5 20.Rac1 Rfc8 21.Rc4 Ne8 22.f5 gxf5
23.g4 Na5 24.Rxe7 Nxc4 25.bxc4 Qxc5 26.Re5 Qf8 27.Rxf5 Qg7 28.Qxb4 Qxg4 29.Rf3 Qd4
30.Rg3+ Ng7 31.Bd5 Kh8 32.Nf3 Qa1+ 33.Kg2 Ne6 34.Qd6 f6 35.Rg4 a5 36.h3 Qc3
37.Qe7 f5 38.Ng5 Nxg5 39.Rxg5 Rb8 40.Qd6 Rcc8 41.Rg3 Qd4 42.Rd3 Rb6 43.Qxd7 Rg6+
44.Rg3 Rxg3+ 45.fxg3 Qd2+ 46.Kf3 Rg8 47.Qxf5 Qc3+ 48.Ke4 Re8+ 49.Kf4 Qd4+
50.Be4 Qf2+ 51.Bf3 Qe3+ 52.Kg4 Rg8+ 53.Kh4 Qe7+ 54.Kh5 h6 55.h4 Rf8 56.Qd5 Qe8+
57.Kg4 Qc8+  0-1

[Event "AUT-chT"]
[Site "?"]
[Date "1993.??.??"]
[Round "?"]
[White "Titz, Heimo"]
[Black "Druckenthaner, Andreas"]
[Result "1/2-1/2"]
[WhiteElo "2325"]
[BlackElo "2290"]

1.c4 b6 2.d4 e6 3.Nf3 Bb7 4.e3 f5 5.Be2 Bb4+ 6.Bd2 Qe7 7.Nc3 Nf6 8.O-O O-O
9.a3 Bxc3 10.Bxc3 Ne4 11.Qc2 d6 12.Rfd1 Nd7 13.b4 f4 14.Bd2 fxe3 15.Bxe3 Ndf6
16.Ng5 Nxg5 17.Bxg5 Qf7 18.Bh4 Rae8 19.Bd3 g6 20.Re1 e5 21.dxe5 Rxe5 22.Rxe5 dxe5
23.Re1 e4 24.Be2 Ne8 25.c5 Bd5 26.Qc3 Ng7 27.cxb6 cxb6 28.Rd1 Bb3 29.Rd8 Rxd8
30.Bxd8 Be6 31.Bg5 Qd7 32.Bc1 Qc8 33.Bb2 Qxc3 34.Bxc3 Nf5 35.Kf1 Nd6 36.Ke1 Bc4
37.Bd1 Bd3 38.Bb3+ Nc4 39.Bxc4+ Bxc4 40.Kd2 Kf7 41.Ke3 Ke6 42.g4 Kd5 43.a4 a6
44.Bd4 b5 45.a5 h5 46.Bg7 hxg4 47.Kf4 Be2 48.Kg5 Kc6 49.Kxg6 Kb7 50.Bd4 Ka8
51.Kf5 Bf3  1/2-1/2

[Event "Berliner Sommer"]
[Site "Berlin"]
[Date "1993.??.??"]
[Round "?"]
[White "Beim, Valery"]
[Black "Lempert, Igor"]
[Result "0-1"]
[WhiteElo "2500"]
[BlackElo "2455"]

1.c4 b6 2.Nc3 Bb7 3.e4 e6 4.Nf3 Bb4 5.Qc2 Ne7 6.d4 Bxc3+ 7.bxc3 d6 8.Bd3 Nd7
9.O-O e5 10.a4 Nc6 11.Rb1 O-O 12.Bg5 Qe8 13.Be3 Nf6 14.Rfe1 Na5 15.c5 Bc6
16.Ra1 Bd7 17.cxd6 cxd6 18.Bg5 Qe6 19.Ba6 h6 20.Bh4 Nh5 21.Qd1 g5 22.Nd2 Qg4
23.Bg3 Qxd1 24.Rexd1 Nxg3 25.hxg3 Bc8 26.Be2 Be6 27.Ba6 Bc8 28.Be2 Bb7 29.Bg4 Rad8
30.f4 Bc8 31.Be2 Rfe8 32.Kf2 Kg7 33.Bd3 Bg4 34.Rdc1 exf4 35.gxf4 gxf4 36.Bb5 Re7
37.Re1 Rc8 38.Rac1 Rec7 39.Ba6 Rh8 40.e5 d5 41.g3 fxg3+ 42.Kxg3 Be6 43.Re3 Nc6
44.Kf4 Ne7 45.Rg3+ Ng6+ 46.Ke3 h5 47.Rgg1 h4 48.Nf3 h3 49.Bd3 Rh6 50.Ng5 h2
51.Rh1 Bg4 52.Bf1 f6 53.exf6+ Kxf6 54.Nf3 Re7+ 55.Kf2 Bxf3 56.Kxf3 Kg5 57.Rc2 Nh4+
58.Kg3 Nf5+ 59.Kf3 Re3+ 60.Kf2 Kf4 61.Bg2 Ng3  0-1

[Event "Biel op2"]
[Site "Biel"]
[Date "1993.??.??"]
[Round "7"]
[White "Haar, Wolfgang"]
[Black "Weber, Winfried"]
[Result "1-0"]
[WhiteElo "1730"]
[BlackElo "1835"]

1.c4 b6 2.Nc3 e6 3.e4 Nc6 4.Nf3 e5 5.a3 a5 6.d4 exd4 7.Nxd4 Bb7 8.Be2 Bc5
9.Ndb5 Ne5 10.Bf4 f6 11.O-O Ne7 12.Kh1 Nc8 13.f3 O-O 14.Rb1 c6 15.Nd4 Ba6
16.b4 axb4 17.axb4 Bxb4 18.Rxb4 c5 19.Ra4 cxd4 20.Qxd4 Bb7 21.Rxa8 Bxa8 22.Bxe5 fxe5
23.Qxe5 Ne7 24.Nb5 Ng6 25.Qd4 Bc6 26.c5 bxc5 27.Qxc5 Qf6 28.Nd6 Nf4 29.Bc4+ Ne6
30.Rc1 g6 31.Bxe6+ Qxe6 32.Qc4 Qxc4 33.Rxc4 Ra8 34.g4 Ra3 35.Kg2 Rd3 36.Nc8 Rd2+
37.Kg3 Bb5 38.Rc5 Bf1 39.h4 Kf7 40.Nb6 Ke6 41.Kf4 Rd3 42.Rd5 Rxd5 43.Nxd5 d6
44.g5 Kf7 45.Ke3 Bb5 46.Kd4 Bc6 47.f4 Kg7 48.e5 dxe5+ 49.fxe5 h6 50.Kc5 Ba4
51.Kd6 hxg5 52.hxg5 Kf8 53.e6 Be8 54.Nf6 Ba4 55.e7+ Kf7 56.e8=Q+ Bxe8 57.Nxe8 Kxe8
58.Ke6 Kf8 59.Kf6 Kg8 60.Kxg6  1-0